[Event "NOR-ch Youth 2019"]
[Site "Skien"]
[Date "2019.11.09"]
[Round "3.17"]
[White "Rekdal, Yngve Mahle"]
[Black "Strand, Vetle Bjorge"]
[Result "0-1"]
[WhiteElo "1213"]
[BlackElo "1695"]
[Annotator "NA RC"]
[PlyCount "132"]
[EventDate "2019.11.08"]
[EventType "swiss"]
[EventCountry "NOR"]
[SourceTitle "playchess.com"]
[Source "ChessBase"]
[SourceQuality "1"]
[TimeControl "2400+10"]

1. d4 {[%emt 0:00:00]} d5 {[%emt 0:00:00]} 2. c4 {[%emt 0:00:00]} c6 {[%emt 0:00:00]} 3. cxd5 {[%emt 0:00:00]} cxd5 {[%emt 0:00:00]} 4. Nc3 {[%emt 0:00:00]} Nf6 {[%emt 0:00:06]} 5. Bf4 {[%emt 0:00:01]} Bf5 {[%emt 0:00:24]} 6. e3 {[%emt 0:00:27]} e6 {[%emt 0:00:29]} 7. Nf3 {[%emt 0:01:22]} Nc6 {[%emt 0:01:18]} 8. Nh4 {[%emt 0:02:05]} Bg6 {[%emt 0:01:03]} 9. Nxg6 hxg6 {[%emt 0:00:01]} 10. Bd3 {[%emt 0:01:22]} a6 {[%emt 0:00:23]} 11. a3 {[%emt 0:00:42]} Bd6 {[%emt 0:00:26]} 12. Bxd6 {[%emt 0:00:45]} Qxd6 {[%emt 0:00:02]} 13. h3 {[%emt 0:00:02]} Rc8 {[%emt 0:01:31]} 14. Rc1 {[%emt 0:01:44]} g5 {[%emt 0:17:28]} 15. Be2 {[%emt 0:02:44]} O-O {[%emt 0:11:50]} 16. O-O {[%emt 0:01:33]} Ne7 {[%emt 0:00:49]} 17. Bd3 {[%emt 0:08:32]} b5 {[%emt 0:02:18]} 18. b4 {[%emt 0:02:06]} Nd7 {[%emt 0:00:21]} 19. Qh5 {[%emt 0:00:49]} f5 {[%emt 0:02:41]} 20. Qxg5 {[%emt 0:00:42]} Nb6 {[%emt 0:00:19]} 21. f4 {[%emt 0:02:09]} Rf6 {[%emt 0:00:12]} 22. Qg3 {[%emt 0:02:24]} Nc4 {[%emt 0:00:36]} 23. Bxc4 {[%emt 0:00:06]} Rxc4 {[%emt 0:00:12]} 24. Ne2 {[%emt 0:01:11]} Nc8 {[%emt 0:00:33]} 25. Rxc4 {[%emt 0:00:08]} dxc4 {[%emt 0:00:05]} 26. Nc3 {[%emt 0:00:07]} Nb6 {[%emt 0:00:05]} 27. Qf3 {[%emt 0:02:05]} Nd5 {[%emt 0:00:33]} 28. Nxd5 {[%emt 0:00:18]} exd5 {[%emt 0:00:01]} 29. Rc1 {[%emt 0:00:19]} Re6 {[%emt 0:00:20]} 30. Rc3 {[%emt 0:00:08]} Re4 {[%emt 0:00:17]} 31. Qf2 {[%emt 0:00:52]} Qe7 {[%emt 0:00:18]} 32. Kf1 {[%emt 0:00:43]} Kf7 {[%emt 0:00:18]} 33. g4 {[%emt 0:00:49]} g6 {[%emt 0:00:13]} 34. Qg3 {[%emt 0:06:05]} Qe8 {[%emt 0:00:14]} 35. Kf2 {[%emt 0:00:22]} Qe7 {[%emt 0:00:01]} 36. Kf3 {[%emt 0:01:04]} Qf6 {[%emt 0:00:01]} 37. gxf5 {[%emt 0:01:01]} Qxf5 {[%emt 0:00:20]} 38. Qh4 {[%emt 0:00:14]} Qh5+ {[%emt 0:00:08]} 39. Qxh5 {[%emt 0:00:03]} gxh5 {[%emt 0:00:00]} 40. Rc1 {[%emt 0:00:22]} Re6 {[%emt 0:00:13]} 41. Rg1 {[%emt 0:00:32]} Rg6 {[%emt 0:00:07]} 42. Rg5 {[%emt 0:00:13]} h4 {[%emt 0:00:30]} 43. Rf5+ {[%emt 0:00:38]} Ke6 {[%emt 0:00:06]} 44. Re5+ {[%emt 0:00:04]} Kd6 {[%emt 0:00:08]} 45. f5 {[%emt 0:00:18]} Rg3+ {[%emt 0:00:09]} 46. Kf4 {[%emt 0:00:01]} Rxh3 {[%emt 0:00:13]} 47. f6 {[%emt 0:00:02]} Rh1 {[%emt 0:00:04]} 48. Kg5 {[%emt 0:00:31]} Rf1 {[%emt 0:00:11]} 49. e4 {[%emt 0:00:10]} dxe4 {[%emt 0:00:16]} 50. Rxe4 {[%emt 0:00:02]} c3 {[%emt 0:00:11]} 51. Re2 {[%emt 0:00:07]} h3 {[%emt 0:00:07]} 52. Kg6 {[%emt 0:00:09]} Rg1+ {[%emt 0:00:10]} 53. Kh6 {[%emt 0:00:07]} Rf1 {[%emt 0:00:16]} 54. Kg7 {[%emt 0:00:09]} Rg1+ {[%emt 0:00:01]} 55. Kf8 {[%emt 0:00:10]} Rg2 {[%emt 0:00:05]} 56. Re1 {[%emt 0:00:15]} h2 {[%emt 0:00:06]} 57. Rh1 {[%emt 0:00:17]} c2 {[%emt 0:00:20]} 58. Ke8 {[%emt 0:00:16]} Re2+ {[%emt 0:00:14]} 59. Kd8 {[%emt 0:00:07]} Ke6 {[%emt 0:00:05]} 60. Rf1 {[%emt 0:00:12]} Kf7 {[%emt 0:00:01]} 61. d5 {[%emt 0:00:06]} Rd2 {[%emt 0:00:01]} 62. Rh1 {[%emt 0:00:13]} Rxd5+ {[%emt 0:00:03]} 63. Kc7 {[%emt 0:00:04]} Rd1 {[%emt 0:00:03]} 64. Rxh2 {[%emt 0:00:02]} c1=Q+ {[%emt 0:00:01]} 65. Kb6 {[%emt 0:00:02]} Rd6+ {[%emt 0:00:03]} 66. Ka5 {[%emt 0:00:02]} Qxa3# {[%emt 0:00:03]} 0-1

[Event "NOR-ch Youth 2019"]
[Site "Skien"]
[Date "2019.11.09"]
[Round "3.18"]
[White "Helliesen, Lykke-Merlot"]
[Black "Dobroliubov, Yan"]
[Result "1-0"]
[WhiteElo "1619"]
[BlackElo "1604"]
[Annotator "NA RC"]
[PlyCount "83"]
[EventDate "2019.11.08"]
[EventType "swiss"]
[EventCountry "NOR"]
[SourceTitle "playchess.com"]
[Source "ChessBase"]
[SourceQuality "1"]
[TimeControl "2400+10"]

1. d4 {[%emt 0:00:00]} d5 {[%emt 0:00:00]} 2. Bf4 {[%emt 0:00:00]} Nf6 {[%emt 0:00:07]} 3. e3 {[%emt 0:00:03]} e6 {[%emt 0:00:06]} 4. Nf3 {[%emt 0:00:08]} c5 {[%emt 0:00:23]} 5. c3 {[%emt 0:00:15]} Nc6 {[%emt 0:00:18]} 6. Nbd2 {[%emt 0:00:21]} Qb6 {[%emt 0:02:37]} 7. Qb3 {[%emt 0:00:30]} Na5 {[%emt 0:02:10]} 8. Qc2 {[%emt 0:01:12]} Nh5 {[%emt 0:02:03]} 9. Bg3 {[%emt 0:01:48]} Nxg3 {[%emt 0:00:20]} 10. hxg3 {[%emt 0:00:02]} Bd7 {[%emt 0:06:03]} 11. dxc5 {[%emt 0:03:58]} Qc7 {[%emt 0:03:12]} 12. b4 {[%emt 0:01:25]} Nc6 {[%emt 0:01:18]} 13. Rxh7 {[%emt 0:01:48]} Rxh7 {[%emt 0:00:15]} 14. Qxh7 {[%emt 0:00:03]} a5 {[%emt 0:00:17]} 15. Qb1 {[%emt 0:02:30]} axb4 {[%emt 0:01:42]} 16. cxb4 {[%emt 0:00:07]} Ra4 {[%emt 0:00:28]} 17. a3 {[%emt 0:00:47]} b6 {[%emt 0:00:15]} 18. b5 {[%emt 0:02:36]} Nd8 {[%emt 0:06:59]} 19. c6 {[%emt 0:01:26]} Bc8 {[%emt 0:00:04]} 20. Qb3 {[%emt 0:00:15]} Qa7 {[%emt 0:00:15]} 21. Nb1 {[%emt 0:06:43]} Be7 {[%emt 0:04:46]} 22. Be2 {[%emt 0:03:16]} f6 {[%emt 0:00:50]} 23. Bd1 {[%emt 0:02:11]} Ra5 {[%emt 0:00:27]} 24. a4 {[%emt 0:00:21]} Nf7 {[%emt 0:01:38]} 25. Nc3 {[%emt 0:00:41]} Nd6 {[%emt 0:00:19]} 26. Nd2 {[%emt 0:00:52]} Qa8 {[%emt 0:01:45]} 27. e4 {[%emt 0:03:12]} d4 {[%emt 0:00:24]} 28. Ne2 {[%emt 0:00:08]} Nxb5 {[%emt 0:00:41]} 29. Nc4 {[%emt 0:00:40]} Nc7 {[%emt 0:02:22]} 30. Nxa5 {[%emt 0:00:31]} Qxa5+ {[%emt 0:00:02]} 31. Kf1 {[%emt 0:00:03]} Nb5 {[%emt 0:00:23]} 32. Qxb5 {[%emt 0:00:17]} Qd2 {[%emt 0:00:09]} 33. c7+ {[%emt 0:00:13]} Kf7 {[%emt 0:00:02]} 34. Qh5+ {[%emt 0:00:29]} g6 {[%emt 0:00:30]} 35. Qh7+ {[%emt 0:00:05]} Ke8 {[%emt 0:00:05]} 36. Qxg6+ {[%emt 0:00:36]} Kd7 {[%emt 0:00:01]} 37. Qg4 {[%emt 0:00:35]} Kxc7 {[%emt 0:01:01]} 38. Qf4+ {[%emt 0:00:01]} Qxf4 {[%emt 0:00:06]} 39. Nxf4 {[%emt 0:00:02]} e5 {[%emt 0:00:10]} 40. Nd5+ {[%emt 0:00:02]} Kd6 {[%emt 0:00:02]} 41. Nxb6 {[%emt 0:00:21]} Bd8 {[%emt 0:00:04]} 42. Nxc8+ {[%emt 0:00:02]} 1-0

[Event "NOR-ch Youth 2019"]
[Site "Skien"]
[Date "2019.11.09"]
[Round "3.19"]
[White "Waage, Oline Sundby"]
[Black "Brattgjerd, Isak Vinh"]
[Result "0-1"]
[WhiteElo "1247"]
[BlackElo "1699"]
[Annotator "NA RC"]
[PlyCount "104"]
[EventDate "2019.11.08"]
[EventType "swiss"]
[EventCountry "NOR"]
[SourceTitle "playchess.com"]
[Source "ChessBase"]
[SourceQuality "1"]
[TimeControl "2400+10"]

1. e4 {[%emt 0:00:00]} c5 {[%emt 0:00:00]} 2. Nf3 {[%emt 0:00:00]} d6 {[%emt 0:00:00]} 3. Bc4 {[%emt 0:00:11]} Nf6 {[%emt 0:00:00]} 4. d3 {[%emt 0:00:12]} e6 {[%emt 0:00:02]} 5. Nc3 {[%emt 0:00:42]} d5 {[%emt 0:00:35]} 6. Bb5+ {[%emt 0:00:25]} Bd7 {[%emt 0:00:18]} 7. Bxd7+ {[%emt 0:00:06]} Nbxd7 {[%emt 0:00:03]} 8. Bg5 {[%emt 0:00:37]} Be7 {[%emt 0:00:08]} 9. Qd2 {[%emt 0:01:03]} h6 {[%emt 0:00:19]} 10. Bxf6 {[%emt 0:00:54]} Nxf6 {[%emt 0:00:04]} 11. O-O {[%emt 0:00:50]} O-O {[%emt 0:01:00]} 12. h3 {[%emt 0:01:04]} Qc7 {[%emt 0:01:02]} 13. Rfe1 {[%emt 0:02:00]} Rfe8 {[%emt 0:01:47]} 14. a4 {[%emt 0:02:19]} Rad8 {[%emt 0:03:05]} 15. Qe2 {[%emt 0:01:24]} Qb6 {[%emt 0:02:13]} 16. b3 {[%emt 0:01:07]} a6 {[%emt 0:03:28]} 17. a5 {[%emt 0:00:53]} Qc7 {[%emt 0:01:24]} 18. Qd2 {[%emt 0:04:49]} c4 {[%emt 0:03:57]} 19. exd5 {[%emt 0:03:46]} exd5 {[%emt 0:02:11]} 20. Rec1 {[%emt 0:01:43]} Bb4 {[%emt 0:03:15]} 21. d4 {[%emt 0:03:10]} Ne4 {[%emt 0:02:00]} 22. Nxd5 {[%emt 0:01:49]} Bxd2 {[%emt 0:02:15]} 23. Nxc7 {[%emt 0:00:11]} Re7 {[%emt 0:00:01]} 24. Nxd2 {[%emt 0:00:26]} Nxd2 {[%emt 0:00:02]} 25. Rd1 {[%emt 0:01:19]} c3 {[%emt 0:00:06]} 26. Nxa6 {[%emt 0:00:41]} bxa6 {[%emt 0:00:02]} 27. Ra4 {[%emt 0:00:41]} Red7 {[%emt 0:00:21]} 28. Re1 {[%emt 0:01:51]} Rxd4 {[%emt 0:00:04]} 29. Rxd4 {[%emt 0:00:39]} Rxd4 {[%emt 0:00:03]} 30. Re8+ {[%emt 0:00:10]} Kh7 {[%emt 0:00:01]} 31. Ra8 {[%emt 0:00:16]} Rd6 {[%emt 0:00:33]} 32. Rb8 {[%emt 0:00:23]} Rd5 {[%emt 0:03:07]} 33. b4 {[%emt 0:00:17]} Nc4 {[%emt 0:00:31]} 34. b5 {[%emt 0:00:57]} Rxb5 {[%emt 0:01:02]} 35. Rxb5 {[%emt 0:00:06]} axb5 {[%emt 0:00:01]} 36. a6 {[%emt 0:00:21]} Kg6 {[%emt 0:00:29]} 37. a7 {[%emt 0:00:11]} Nb6 {[%emt 0:00:01]} 38. Kf1 {[%emt 0:00:14]} Kf5 {[%emt 0:00:06]} 39. Ke2 {[%emt 0:00:15]} Ke4 {[%emt 0:00:06]} 40. Kd1 {[%emt 0:00:23]} Kd4 {[%emt 0:00:15]} 41. Kc1 {[%emt 0:00:10]} Kc4 {[%emt 0:00:10]} 42. g3 {[%emt 0:00:15]} g5 {[%emt 0:00:16]} 43. g4 {[%emt 0:00:07]} b4 {[%emt 0:00:31]} 44. Kb1 {[%emt 0:00:22]} b3 {[%emt 0:00:04]} 45. cxb3+ {[%emt 0:00:37]} Kxb3 {[%emt 0:00:02]} 46. Kc1 {[%emt 0:00:25]} c2 {[%emt 0:00:02]} 47. f3 {[%emt 0:00:16]} Kc3 {[%emt 0:00:06]} 48. a8=Q {[%emt 0:00:36]} Nxa8 {[%emt 0:00:02]} 49. h4 {[%emt 0:00:14]} gxh4 {[%emt 0:00:01]} 50. g5 {[%emt 0:00:20]} h3 {[%emt 0:00:07]} 51. gxh6 {[%emt 0:00:11]} h2 {[%emt 0:00:02]} 52. h7 {[%emt 0:00:05]} h1=Q# {[%emt 0:00:07]} 0-1

[Event "NOR-ch Youth 2019"]
[Site "Skien"]
[Date "2019.11.09"]
[Round "3.20"]
[White "Ostensen, Nicolai Maxime"]
[Black "Salte, Hakon"]
[Result "1-0"]
[WhiteElo "1691"]
[BlackElo "1285"]
[Annotator "NA RC"]
[PlyCount "55"]
[EventDate "2019.11.08"]
[EventType "swiss"]
[EventCountry "NOR"]
[SourceTitle "playchess.com"]
[Source "ChessBase"]
[SourceQuality "1"]
[TimeControl "2400+10"]

1. e4 {[%emt 0:00:00]} g6 {[%emt 0:00:13]} 2. Nc3 {[%emt 0:00:32]} d6 {[%emt 0:00:35]} 3. Nf3 {[%emt 0:00:41]} Nf6 {[%emt 0:00:10]} 4. d3 {[%emt 0:00:50]} Bg7 {[%emt 0:00:38]} 5. g3 {[%emt 0:00:18]} Nc6 {[%emt 0:01:01]} 6. Bg2 {[%emt 0:00:21]} O-O {[%emt 0:02:35]} 7. O-O {[%emt 0:00:19]} e5 {[%emt 0:02:06]} 8. Nh4 {[%emt 0:04:21]} Qe7 {[%emt 0:04:28]} 9. Bg5 {[%emt 0:08:53]} Be6 {[%emt 0:03:50]} 10. Qc1 {[%emt 0:04:33]} Qd7 {[%emt 0:01:06]} 11. f4 {[%emt 0:03:53]} exf4 {[%emt 0:03:45]} 12. Bxf4 {[%emt 0:01:00]} Bh3 {[%emt 0:02:28]} 13. Bg5 {[%emt 0:04:30]} Bxg2 {[%emt 0:04:30]} 14. Kxg2 {[%emt 0:00:37]} Nh5 {[%emt 0:00:55]} 15. Bh6 {[%emt 0:02:43]} Nd4 {[%emt 0:03:04]} 16. Bxg7 {[%emt 0:00:29]} Kxg7 {[%emt 0:00:31]} 17. Nf3 {[%emt 0:01:52]} Ne6 {[%emt 0:01:34]} 18. Qe3 {[%emt 0:01:32]} c6 {[%emt 0:01:54]} 19. Rae1 {[%emt 0:00:41]} b5 {[%emt 0:01:02]} 20. a3 {[%emt 0:01:20]} a5 {[%emt 0:00:24]} 21. Na2 {[%emt 0:00:15]} Rab8 {[%emt 0:00:57]} 22. c3 {[%emt 0:00:12]} Rfe8 {[%emt 0:00:27]} 23. Ng5 {[%emt 0:01:49]} f5 {[%emt 0:01:01]} 24. exf5 {[%emt 0:00:20]} Nef4+ {[%emt 0:00:19]} 25. gxf4 {[%emt 0:00:54]} Rxe3 {[%emt 0:00:13]} 26. Rxe3 {[%emt 0:00:13]} Qxf5 {[%emt 0:00:20]} 27. Re7+ {[%emt 0:00:23]} Kf6 {[%emt 0:00:15]} 28. Rf7# {[%emt 0:00:01]} 1-0

[Event "NOR-ch Youth 2019"]
[Site "Skien"]
[Date "2019.11.09"]
[Round "4.1"]
[White "Risting, Eivind Olav"]
[Black "Vestby-Ellingsen, Mads"]
[Result "1/2-1/2"]
[WhiteElo "2298"]
[BlackElo "2351"]
[Annotator "TA"]
[PlyCount "83"]
[EventDate "2019.11.08"]
[EventType "swiss"]
[EventCountry "NOR"]
[SourceTitle "playchess.com"]
[Source "ChessBase"]
[SourceQuality "1"]

{[%evp 9,83,0,16,14,8,4,11,9,18,6,15,16,24,11,20,0,0,0,45,38,41,34,48,34,46,37,56,0,63,63,84,86,69,73,98,100,123,86,94,79,133,54,76,78,122,102,114,89,223,207,247,234,241,234,305,327,310,210,194,205,194,194,197,197,204,0,139,-51,-62,-68,0,0,0,0,0,0]} 1. d4 Nf6 2. c4 g6 3. Nc3 d5 4. Nf3 Bg7 5. h4 (5. Qb3 dxc4 6. Qxc4 O-O 7. e4 Nc6 8. Be2 e5 9. d5 Nd4 10. Nxd4 exd4 11. Qxd4 c6 12. Qc4 b5 13. Qxc6 Bd7 14. Qd6 Re8 15. e5 Ng4 16. e6 fxe6 {½-½ (36) Yu,Y (2763)-Vachier Lagrave,M (2774) Khanty-Mansiysk 2019}) 5... c6 6. cxd5 {D90: Grünfeld: 4 Nf3 Bg7 sidelines} cxd5 7. Bf4 Nc6 8. e3 O-O 9. Qb3 Na5 10. Qa3 a6 11. Bd3 Nc4 12. Qb3 $146 ({Predecessor:} 12. Qb4 b5 {0-1 (28) Miron,L (2487)-Gledura,B (2600) Corund 2017}) 12... b5 13. a4 bxa4 14. Nxa4 Bd7 15. O-O Bb5 16. Rfd1 e6 17. Qc2 Rc8 18. Qb1 (18. Nc5 $14) 18... Nd7 {[#]} (18... Ne4 $11) 19. h5 $1 $14 {[%mdl 512]} Ncb6 (19... gxh5 20. Bxh7+) 20. Nc3 Bxd3 21. Qxd3 Nc4 22. Rdb1 Rc6 23. hxg6 hxg6 24. b3 {[%cal Bb2b3,Bb3b4,Bb4c5][%mdl 32]} Na5 (24... Nd6 $142) 25. Nd2 ({White should try} 25. e4 $16) 25... Nf6 26. Na4 Nb7 {[#]} 27. b4 $1 Qc8 28. Nc5 Nxc5 (28... Ng4 $16) 29. bxc5 $18 ({Not} 29. dxc5 Ng4 $14) 29... Nd7 30. Bd6 Re8 31. Nb3 Qa8 32. Na5 Rcc8 33. Rb7 Nxc5 34. Bxc5 Rxc5 35. dxc5 Bxa1 36. c6 Be5 37. f4 $2 (37. Qc2 $18) 37... Bd6 (37... Qd8 $11 {remains equal.}) 38. Qb3 $2 (38. Qc3 $16) 38... Qd8 $15 39. Qc3 {Threatens to win with Rd7.} d4 (39... Bc7 $1 $15 40. Nb3 Qd6) 40. Qxd4 $11 {And now Qd2 would win.The position is equal.} Qxa5 41. Qxd6 Qe1+ 42. Kh2 {Accuracy: White = 61%, Black = 43%.} 1/2-1/2

[Event "NOR-ch Youth 2019"]
[Site "Skien"]
[Date "2019.11.09"]
[Round "4.2"]
[White "Fossan, Aleksander"]
[Black "Unhjem, Bjorn Robert Lovoll"]
[Result "1/2-1/2"]
[WhiteElo "2179"]
[BlackElo "1942"]
[Annotator "NA"]
[PlyCount "54"]
[EventDate "2019.11.08"]
[EventType "swiss"]
[EventCountry "NOR"]
[SourceTitle "playchess.com"]
[Source "ChessBase"]
[SourceQuality "1"]
[TimeControl "5400+30"]

{[%evp 8,40,18,12,18,20,18,5,25,7,34,5,20,24,18,10,66,92,84,66,109,25,32,55,57,56,158,127,226,32767,17,32767,32767,32767,-150]} 1. e4 {[%emt 0:00:00]} c5 {[%emt 0:00:00]} 2. c3 {[%emt 0:00:00]} Nf6 {[%emt 0:00:17]} 3. e5 {[%emt 0:00:00]} Nd5 {[%emt 0:00:08]} 4. d4 {[%emt 0:00:00]} e6 {[%emt 0:00:23]} 5. Nf3 {[%emt 0:00:05]} cxd4 {[%emt 0:00:11]} 6. cxd4 {[%emt 0:00:24]} d6 {[%emt 0:00:30]} 7. Bc4 {[%emt 0:00:41]} Nc6 {[%emt 0:00:17]} 8. O-O {[%emt 0:00:27]} Be7 {[%emt 0:00:39]} 9. a3 {[%emt 0:00:11]} Qc7 {[%emt 0:00:32] B22: Sicilian: 2 c3} 10. Re1 {[%emt 0:07:54]} O-O {[%emt 0:02:49]} 11. Bd3 {[%emt 0:08:06]} Qd8 $146 {[%emt 0:17:00]} ({Predecessor:} 11... dxe5 12. dxe5 Rd8 13. Qe2 g6 14. Bd2 b6 15. Nc3 Nxc3 16. Bxc3 Bb7 17. h4 Rd7 18. h5 Rad8 19. Bb5 Qc8 20. Qe3 {1-0 (32) Kharlov,A (2639)-Gallagher,J (2519) Kolkata 2001}) 12. Qc2 {[%emt 0:06:28]} h6 {[%emt 0:04:43]} 13. Nc3 {[%emt 0:03:32]} Bd7 {[%emt 0:01:34]} 14. Ne4 {[%emt 0:07:10]} ({White should try} 14. Qe2 $16) 14... dxe5 {[%emt 0:06:29]} 15. dxe5 {[%emt 0:00:03]} Qc7 {[%emt 0:00:29]} 16. Ng3 {[%emt 0:01:58]} Rac8 {[%emt 0:02:15]} (16... Rad8 $14) 17. Qe2 {[%emt 0:02:03]} Bc5 {[%emt 0:11:14]} (17... Qb6 $16) 18. Nh4 {[%emt 0:19:34]} Nce7 {[%emt 0:06:55]} 19. Nh5 {[%emt 0:07:16]} f5 {[%emt 0:06:02]} 20. Qf3 {[%emt 0:06:45] [#]} Be8 $17 {[%emt 0:03:16]} 21. Bxh6 {[%emt 0:10:32]} Bxh5 {[%emt 0:00:12]} 22. Qxh5 {[%emt 0:00:02]} gxh6 {[%emt 0:04:29]} 23. Qxh6 {[%emt 0:00:02]} Qb6 {[%emt 0:01:23]} 24. Qg5+ {[%emt 0:03:00]} Kf7 {[%emt 0:00:16]} 25. Qh5+ {[%emt 0:00:02]} Kg7 {[%emt 0:00:14]} 26. Qg5+ {[%emt 0:00:35]} Kf7 {[%emt 0:00:07]} 27. Qh5+ {[%emt 0:00:12]} Kg7 {[%emt 0:00:16]} 1/2-1/2

[Event "NOR-ch Youth 2019"]
[Site "Skien"]
[Date "2019.11.09"]
[Round "4.3"]
[White "Nordquelle, Daniel"]
[Black "Lund, Gunnar"]
[Result "0-1"]
[WhiteElo "2190"]
[BlackElo "2274"]
[Annotator "TA"]
[PlyCount "56"]
[EventDate "2019.11.08"]
[EventType "swiss"]
[EventCountry "NOR"]
[SourceTitle "playchess.com"]
[Source "ChessBase"]
[SourceQuality "1"]

{[%evp 9,68,54,75,39,60,0,-1,7,0,-20,-20,-27,-8,-48,-21,-39,-25,-44,-31,-66,-53,-121,-111,-130,-132,-146,-142,-440,-446,-442,-443,-6008,-3269,-29987,-748,-728,-740,-743,-718,-733,-721,-717,-706,-702,-611,-875,-518,-750,-733,-819,-803,-758,-487,-495,-486,-962,-916,-878,-868,-949,-873]} 1. e4 e5 2. Nf3 d5 3. exd5 e4 4. Qe2 Nf6 5. d3 Qxd5 6. Nc3 {C40: Latvian and Elephant Gambits} Bb4 7. Bd2 (7. Nd2 $14 Bxc3 8. bxc3) 7... Bxc3 $1 $11 8. Bxc3 {Black should prevent dxe4.The position is equal.} O-O 9. Ne5 Re8 $146 {And now ...exd3 would win.} ({Predecessor:} 9... Be6 10. d4 Nc6 11. Nxc6 bxc6 12. Qa6 c5 13. dxc5 {1-0 (22) Lugovskoy,M (2453)-Alekseev,V (1618) Pardubice 2017}) 10. d4 Nc6 11. Rd1 Qxa2 12. Qd2 {Threatens to win with Bc4.} Be6 $36 {[%mdl 2048] Black is more active.} 13. Bb5 Qd5 14. Bc4 Qd6 15. Bxe6 ({White should try} 15. Bb5 $15) 15... Qxe6 $17 16. d5 Nxd5 $1 17. Qxd5 {Black must now prevent Nxc6.} Nxe5 18. Qxb7 $2 {[%mdl 8192] [#]} (18. Bxe5 $17 Qxe5 19. Qxe5 Rxe5 20. Rd7) 18... Nd3+ $1 $19 {[%mdl 512]} 19. Kf1 (19. cxd3 exd3+) 19... Nf4 20. Rd4 (20. Re1 $142 Qc4+ 21. Kg1) 20... Qg4 21. g3 Qf3 (21... Qe2+ $142 22. Kg1 Nh3+ {[%mdl 64] Double Attack} 23. Kg2 Nxf2 24. h4 Qf3+ 25. Kg1 Qxh1+ 26. Kxf2 e3+ {[%mdl 64] Discovered Attack} 27. Ke2 Qxb7 28. Bb4 Qg2+ 29. Kd3 {[#]} c5 $1 {[%mdl 576] Double Attack} 30. Kc3 cxb4+ 31. Kb3 Rec8 32. c3 bxc3 33. bxc3 Rab8+ 34. Rb4 Rxb4+ {[%mdl 64] Overworked Piece} 35. Kxb4 Qb2+ 36. Ka5 Qa3+ 37. Kb5 Rc5#) 22. gxf4 {Black is clearly winning.} Qxh1+ {[%mdl 64] Double Attack} 23. Ke2 Qf3+ 24. Ke1 Qxf4 25. Qd5 Qxh2 26. Qg5 h6 27. Qg4 Qh1+ 28. Kd2 h5 {Played: Qh1-f3} 0-1

[Event "NOR-ch Youth 2019"]
[Site "Skien"]
[Date "2019.11.09"]
[Round "4.4"]
[White "Hestvik, Elias"]
[Black "Holm, Karl Oskar Magnus"]
[Result "1/2-1/2"]
[WhiteElo "1784"]
[BlackElo "1751"]
[Annotator "NA RC"]
[PlyCount "79"]
[EventDate "2019.11.08"]
[EventType "swiss"]
[EventCountry "NOR"]
[SourceTitle "playchess.com"]
[Source "ChessBase"]
[SourceQuality "1"]
[TimeControl "5400+30"]

1. e4 {[%emt 0:00:24]} d5 {[%emt 0:00:00]} 2. exd5 {[%emt 0:01:04]} Qxd5 {[%emt 0:00:00]} 3. d4 {[%emt 0:01:48]} e5 {[%emt 0:00:04]} 4. dxe5 {[%emt 0:07:03]} Qxd1+ {[%emt 0:00:14]} 5. Kxd1 {[%emt 0:00:12]} Nc6 {[%emt 0:05:54]} 6. f4 {[%emt 0:07:44]} Bf5 {[%emt 0:00:50]} 7. c3 {[%emt 0:07:06]} O-O-O+ {[%emt 0:00:45]} 8. Nd2 {[%emt 0:05:35]} f6 {[%emt 0:01:43]} 9. Ngf3 {[%emt 0:03:15]} Nge7 {[%emt 0:08:14]} 10. Bc4 {[%emt 0:04:50]} Nd5 {[%emt 0:17:57]} 11. Bxd5 {[%emt 0:03:17]} Rxd5 {[%emt 0:00:09]} 12. exf6 {[%emt 0:15:34]} gxf6 {[%emt 0:01:59]} 13. b4 {[%emt 0:02:23]} Bh6 {[%emt 0:20:29]} 14. g3 {[%emt 0:02:04]} Rhd8 {[%emt 0:01:52]} 15. Ke2 {[%emt 0:06:04]} Rd3 {[%emt 0:14:02]} 16. h3 {[%emt 0:13:04]} Rxc3 {[%emt 0:10:11]} 17. Bb2 {[%emt 0:02:14]} Re8+ {[%emt 0:02:43]} 18. Kf2 {[%emt 0:02:13]} Rc2 {[%emt 0:01:46]} 19. Bxf6 {[%emt 0:00:51]} Nxb4 {[%emt 0:00:30]} 20. Be5 {[%emt 0:03:43]} Nd3+ {[%emt 0:02:51]} 21. Ke2 {[%emt 0:01:55]} Nxe5 {[%emt 0:01:12]} 22. Nxe5 {[%emt 0:00:27]} Bg7 {[%emt 0:03:10]} 23. Ke3 {[%emt 0:03:45]} Rc3+ {[%emt 0:02:09]} 24. Kf2 {[%emt 0:02:51]} Bxe5 {[%emt 0:00:23]} 25. fxe5 {[%emt 0:00:20]} Rxe5 {[%emt 0:00:21]} 26. g4 {[%emt 0:00:28]} Rc2 {[%emt 0:01:03]} 27. Rad1 {[%emt 0:00:59]} Rd5 {[%emt 0:01:03]} 28. gxf5 {[%emt 0:01:29]} Rcxd2+ {[%emt 0:00:21]} 29. Rxd2 {[%emt 0:00:03]} Rxd2+ {[%emt 0:00:08]} 30. Ke3 {[%emt 0:00:05]} Rd7 {[%emt 0:00:18]} 31. Kf4 {[%emt 0:00:38]} Kd8 {[%emt 0:00:14]} 32. Rg1 {[%emt 0:01:34]} Ke8 {[%emt 0:01:23]} 33. Ke5 {[%emt 0:00:51]} Rf7 {[%emt 0:01:38]} 34. Ke6 {[%emt 0:00:27]} Re7+ {[%emt 0:00:18]} 35. Kf6 {[%emt 0:00:01]} Rf7+ {[%emt 0:00:09]} 36. Ke6 {[%emt 0:00:08]} Re7+ {[%emt 0:00:05]} 37. Kf6 {[%emt 0:00:06]} Rf7+ {[%emt 0:01:31]} 38. Ke5 {[%emt 0:02:12]} c5 {[%emt 0:00:13]} 39. f6 c4 {[%emt 0:00:06]} 40. Rg7 {[%emt 0:00:07]} 1/2-1/2